| 000 | 00946nas a2200313 4500 | ||
|---|---|---|---|
| 001 | BR0201484 | ||
| 003 | BR-BrBNA | ||
| 005 | 20231205102816.0 | ||
| 007 | ta | ||
| 008 | 230509b bl.|||p| |||| 00| 00por d | ||
| 040 |
_aBR-BrBNA _bpor _cBiblioteca Nacional de Agricultura |
||
| 041 | _a(Pt) | ||
| 072 | _aF30 | ||
| 100 | 1 | _aBered, F. | |
| 100 | 1 | _aBarbosa Neto, J.F. | |
| 100 | 1 | _aRocha, B.M. da | |
| 100 | 1 | _aPegoraro, D.G. | |
| 100 | 1 | _aVacaro, E. | |
| 100 | 1 | _aCarvalho, F.I.F. de | |
| 245 | 1 | _aCaracterização de germoplasma de trigo por meio dos caracteres adaptativos ciclo e estatura | |
| 650 | _aTrigo | ||
| 650 | _aGermoplasma | ||
| 650 | _aVariação Genética | ||
| 650 | _aMétodo de Melhoramento | ||
| 650 | _aRendimento | ||
| 773 | 0 |
_tPesquisa Agropecuária Brasileira (Brazil) _xISSN 0100-204X _g(Feb 2002), v. 37(2) p. 145-150 _wBR0201484 |
|
| 909 |
_a202311 _bLúcia _c55 _dLúcia Elande |
||
| 942 |
_2AGRIS _n0 _cANA |
||
| 999 |
_c169441 _d169441 |
||